LEADER 00442nab a2200145 i 4500 001 000000282874 003 CaOOAMICUS 005 20141120000000.0 008 141120n xx uu u0 0und r 013 $a35800 040 $aSeMil$bita 245 10$a[SENZA TITOLO]. 500 $aOctober 2014. 773 0 $t[2014.$dWashington : The Catholic Biblical Association of America, copyr. 2014.$w()231287 996 $6245$a[SENZA TITOLO]$9(OLS)http://semarc/title/354609 LEADER 01097nam a2200229 4500 001 000000338710 003 CaOOAMICUS 005 20200124120148.0 008 200107s2001 it a 000 u ita r 040 $aSeMil$bita 245 10$aMaria, Rosa Mistica a Montichiari - Fontanelle :$bstoria, messaggi, devozioni /$ca cura dell'Associazione Rosa Mistica Fontanelle - Montichiari. 250 $a3. ed. 264 1$a[S.l. :$bs.n.],$cstampa 2001$e(Brescia :$fOpera Pavoniana) 300 $a179 p. :$bill. ;$c23 cm 650 4$aMadonna - Apparizioni - Montichiari - Fontanelle.$0(OLS)http://semarc/subject/48914 710 0 $aAssociazione Rosa Mistica .$0(OLS)http://semarc/name/110704 850 $aSeMil 852 $aSeMil$W1$xVenegono$y1$m2L VII 16$j218070$B229864$CSeMilBibl$Z2$F229864 $81 961 $aPerego don Stefano - Omaggio 996 $6245$aMaria, Rosa Mistica a Montichiari - Fontanelle :$bstoria, messaggi, devozioni$9(OLS)http://semarc/title/427511 996 $6264$a[S.l. :$bs.n.]$9(OLS)http://semarc/publisher/29751